|
|
|
|
| LEADER |
00000nam0a2200000 4500 |
| 001 |
301956 |
| 005 |
20231102001443.0 |
| 020 |
|
|
|a RU
|b 83-16711
|
| 035 |
|
|
|a (RuTPU)RU\TPU\book\327148
|
| 090 |
|
|
|a 301956
|
| 100 |
|
|
|a 20150818d1983 km y0rusy5003 ca
|
| 101 |
0 |
|
|a rus
|
| 102 |
|
|
|a RU
|
| 105 |
|
|
|a y z 001zy
|
| 200 |
1 |
|
|a Коллективные договоры и классовая борьба пролетариата
|f Б. Н. Жарков [и др.]
|g Академия наук СССР (АН СССР), Институт международного рабочего движения (ИМРД)
|
| 210 |
|
|
|a Москва
|c Наука
|d 1983
|
| 215 |
|
|
|a 215 с.
|
| 320 |
|
|
|a Библиография в конце глав
|
| 320 |
|
|
|a Библиогр.: с. 211-214
|
| 606 |
1 |
|
|a Профессиональное движение международное
|x В капталистических странах
|2 stltpush
|3 (RuTPU)RU\TPU\subj\52928
|9 71314
|
| 606 |
1 |
|
|a Рабочее движение в капиталистических странах
|2 stltpush
|3 (RuTPU)RU\TPU\subj\22232
|9 47048
|
| 606 |
1 |
|
|a Государство и право зарубежных стран
|2 stltpush
|3 (RuTPU)RU\TPU\subj\8394
|9 35810
|
| 610 |
1 |
|
|a коллективные договоры
|
| 610 |
1 |
|
|a классовая борьба
|
| 610 |
1 |
|
|a пролетариат
|
| 610 |
1 |
|
|a буржуазное государство
|
| 610 |
1 |
|
|a капиталистическая интеграция
|
| 610 |
1 |
|
|a идеологическая борьба
|
| 610 |
1 |
|
|a скандинавские страны
|
| 610 |
1 |
|
|a ФРГ
|
| 610 |
1 |
|
|a ТНК
|
| 686 |
|
|
|a Ф72(0,8)
|2 rubbk
|
| 686 |
|
|
|a ф3(0,8)6
|2 rubbk
|
| 686 |
|
|
|a Х8
|2 rubbk
|
| 701 |
|
1 |
|a Жарков
|b Б. Н.
|
| 701 |
|
1 |
|a Вильданов
|b Р. Х.
|
| 701 |
|
1 |
|a Ершов
|b С. А.
|
| 701 |
|
1 |
|a Арская
|b Л. П.
|
| 712 |
0 |
2 |
|a Академия наук СССР (АН СССР)
|b Институт международного рабочего движения (ИМРД)
|c (Москва)
|c (1966-1991)
|2 stltpush
|3 (RuTPU)RU\TPU\col\7681
|
| 801 |
|
0 |
|a RU
|b RuMRKP
|c 19950704
|g psbo
|
| 801 |
|
1 |
|a RU
|b 63413507
|c 20150818
|
| 801 |
|
2 |
|a RU
|b 63413507
|c 20210906
|g RCR
|
| 942 |
|
|
|c BK
|